000 00552nam a2200193Ia 4500
003 GCL
008 140319s9999 xx 000 0 ara d
040 _aGCL /
_cGCL
082 0 4 _aد
_b050
100 1 _aطاهر الطناحى
245 1 0 _aامير قصر الذهب /
_cطاهر الطناحى
300 _a155 ص
490 _aوثائق ونصوص
_v0
650 0 4 _aالادب العربى
650 0 4 _aالقصص العربية
650 0 4 _aالقصص التاريخية
650 0 4 _aابراهيم بن المهدى
942 _2ddc
_cCF
999 _c27235
_d27235